000 00346nam a2200145Ia 4500
008 151213s9999 xx 000 0 und d
100 _aLuthful Kabir
245 _aLand Law in East Pakistan , Vol = 1 - 4
_cLuthful Kabir
260 _aDhaka
300 _a2084 p.
650 _aLaw
650 _aLaw
700 _aLuthful Kabir
999 _c1534
_d1534